| 000 | 00368cam a22001337a 4500 | ||
|---|---|---|---|
| 008 | 180718b1982 xxu||||| |||| 00| 0 eng d | ||
| 020 | _a0852293941 | ||
| 082 | _aA31 En19/82 R | ||
| 245 | _aBritannica Book of the Year, 1982 | ||
| 260 |
_aChicago _bEncyclopaedia Britannica _c1982 |
||
| 300 | _a766p. | ||
| 650 | _aYearbook | ||
| 700 | _aBritannica Book of the Year,1982 | ||
| 999 |
_c436781 _d436781 |
||